| 000 | 00729 a2200205 4500 | ||
|---|---|---|---|
| 005 | 20080826111730.0 | ||
| 010 | _aENG-96494 | ||
| 020 |
_c215.00 _a8175262974 |
||
| 035 | _aEN-80027 | ||
| 037 | _bDBAD / PUB | ||
| 082 | _a394.26 | ||
| 100 |
_a Mukundcharandas _91048 |
||
| 245 |
_aHindu festivals _cby Sadhu Mukundcharandas _borigin, sentiments & rituals |
||
| 260 |
_aAmdavad _bSwaminarayan Aksharpith _cn.d |
||
| 270 |
_aShahibaug, _bAmdavad - 4. |
||
| 300 |
_a308p. _c25cm (Hb ) _ephotos |
||
| 500 | _aincldes index | ||
| 942 |
_adpl _cEN _2ddc _mMUK _h394.26 |
||
| 999 |
_c6143 _d6143 |
||